01410nab a22002537a 4500003000400000005001700004008004100021040000700062100002700069245010300096260007300199300001300272500003500285505043300320505008100753650001800834650002000852650002600872650003500898650002200933650002200955650002500977773015401002OSt20260203093329.0190429b xxu||||| |||| 00| 0 spa d cPJ aCavallo Augé, Franco10aConsideraciones para el debate de las drogas en la República Argentina /cFranco Cavallo Augé. cCiudad Autónoma de Buenos Aires :aThomson Reuters La Ley, b2023. ap. 11-26 aCita Online: AR/DOC/2681/2023. aSumario: I. Introducción.— II. Relato preliminar: la utilización de sustancias y los orígenes de su prohibición.— III. Breve reseña histórica de la prohibición en la República Argentina.— IV. Régimen Penal de Estupefacientes: regulación actual y sus principales problemáticas.— V. ¿Qué podemos aprender de la normativa española?— VI. Reflexiones finales.— VII. Bibliografía consultada.  tSi te interesa el texto completo, solicitalo a koha@justierradelfuego.gov.ar 0aDERECHO PENAL 0aESTUPEFACIENTES 0aCONSTITUCION NACIONAL 0aGARANTIAS CONSTITUCIONALES › 0aDERECHO COMPARADO 0aDEFENSA EN JUICIO 0aVÍCTIMA DEL DELITO0 02658tRevista de derecho penal y criminología. Nº 11 - Diciembre 2023dCiudad Autónoma de Buenos Aires : Thomson Reuters La Ley, 2017-x00347914